[Event "Surabaya Zindgani Cup op"]
[Site "Surabaya"]
[Date "2018.11.09"]
[Round "5"]
[White "Ginting, Nasib"]
[Black "Dicky, Aditya"]
[Result "1-0"]
[WhiteElo "2390"]
[BlackElo "1768"]
[PlyCount "31"]
[EventDate "2018.11.07"]
[EventType "swiss"]
[EventRounds "9"]
[EventCountry "INA"]
[SourceTitle "EXT 2020"]
[Source "ChessBase"]
[SourceDate "2019.10.17"]
[SourceVersion "1"]
[SourceVersionDate "2019.10.17"]
[SourceQuality "1"]

1. d4 Nf6 2. c4 g6 3. Nc3 d5 4. cxd5 Nxd5 5. e4 Nxc3 6. bxc3 Bg7 7. Nf3 c5 8. Be3 0-0 9. Rb1 Nc6 10. d5 Bxc3+ 11. Bd2 Bxd2+ 12. Qxd2 Na5 13. h4 h6 14. Qxh6 f6 15. Qxg6+ Kh8 16. Ng5 1-0

[Event "Surabaya Zindgani Cup op"]
[Site "Surabaya"]
[Date "2018.11.08"]
[Round "2"]
[White "Dicky, Aditya"]
[Black "Hadiyanoor"]
[Result "1-0"]
[WhiteElo "1768"]
[BlackElo "2188"]
[PlyCount "99"]
[EventDate "2018.11.07"]
[EventType "swiss"]
[EventRounds "9"]
[EventCountry "INA"]
[SourceTitle "EXT 2020"]
[Source "ChessBase"]
[SourceDate "2019.10.17"]
[SourceVersion "1"]
[SourceVersionDate "2019.10.17"]
[SourceQuality "1"]

1. e4 e5 2. Nf3 Nc6 3. Bb5 a6 4. Ba4 Nf6 5. 0-0 b5 6. Bb3 Be7 7. Re1 0-0 8. c3 d5 9. exd5 Nxd5 10. Nxe5 Nxe5 11. Rxe5 c6 12. d3 Bd6 13. Re1 Qh4 14. g3 Qh3 15. Re4 Bd7 16. a4 Rae8 17. axb5 axb5 18. Nd2 Nf6 19. Rh4 Qf5 20. Ne4 Bb8 21. Nxf6+ Qxf6 22. Be3 Bd6 23. Re4 Qg6 24. Ra7 Rxe4 25. dxe4 Bg4 26. f3 Bh3 27. e5 Bxe5 28. Rxf7 Qxf7 29. Bxf7+ Rxf7 30. f4 Bc7 31. Qf3 Bd7 32. h4 h6 33. h5 Bd6 34. Kf2 Bf8 35. g4 Be7 36. Kg3 Bf8 37. Qe4 Re7 38. Qd3 Be6 39. Bb6 Bd5 40. Bc5 Re4 41. Bxf8 Kxf8 42. g5 Kf7 43. Qd2 Ke6 44. gxh6 gxh6 45. f5+ Kxf5 46. Qxh6 Rg4+ 47. Kh3 Bg2+ 48. Kh2 Bf3 49. Qf8+ Ke4 50. h6 1-0